[Event "Provaglio Primavera op"]
[Site "Provaglio"]
[Date "2013.04.12"]
[Round "6"]
[White "Frugoni, Giulio"]
[Black "Lanfranchi, Francesco"]
[Result "1-0"]
[WhiteElo "1615"]
[BlackElo "1515"]
[PlyCount "49"]
[EventDate "2013.03.08"]
[EventType "swiss"]
[EventRounds "7"]
[EventCountry "ITA"]
[SourceTitle "EXT 2014"]
[Source "ChessBase"]
[SourceDate "2013.11.20"]
[SourceVersion "1"]
[SourceVersionDate "2013.11.20"]
[SourceQuality "1"]

1. Nf3 d5 2. d4 Nf6 3. c4 c6 4. Nc3 e6 5. Bg5 Be7 6. e3 b6 7. Bd3 h6 8. Bh4 Nbd7 9. 0-0 Qc7 10. e4 dxe4 11. Nxe4 0-0 12. Bg3 Qd8 13. Qa4 Bb7 14. Rad1 Nh5 15. Bd6 f5 16. Bxe7 Qxe7 17. Ng3 Nf4 18. Bb1 c5 19. d5 exd5 20. Rfe1 Qf7 21. Nxf5 Rae8 22. Nd6 Rxe1+ 23. Rxe1 Qh5 24. Qxd7 Nxg2 25. Nf5 1-0